ETIKUM 2017 proceedings / zbornik radova

Salvato in:
Dettagli Bibliografici
Ente Autore: ETIKUM 2017. Scientific conference with international participation
Natura: Libro
Lingua:serbo
inglese
Pubblicazione: Novi Sad Faculty of Technical Sciences, Department of Production Engineering 2017
Edizione:1st ed.
Soggetti:
Tags: Aggiungi Tag
Nessun Tag, puoi essere il primo ad aggiungerne!!

MARC

LEADER 00000nlm a2200000 4500
001 0238417
005 20240514123856.5
020 |a 978-86-6022-00-68 
041 0 |a srp 
041 0 |a eng 
044 |a RS 
245 1 0 |a ETIKUM 2017  |b proceedings / zbornik radova 
250 |a 1st ed. 
264 1 |a Novi Sad  |b Faculty of Technical Sciences, Department of Production Engineering  |c 2017 
300 |a online [230 s.] 
610 2 0 |a metrológia 
610 2 0 |a kontrola kvality 
610 2 0 |a inžinierstvo priemyselné 
610 2 0 |a inžinierstvo environmentálne 
610 2 0 |a medicína 
610 2 0 |a ochrana prostredia životného 
610 2 0 |a dedičstvo kultúrne 
110 2 |a ETIKUM 2017. Scientific conference with international participation